[Event "Agen 2017 - Vétérans"]
[Site "?"]
[Date "2017.08.23"]
[Round "5.4"]
[White "Goldenberg, Richard"]
[Black "Le Gallen, Luc"]
[Result "1-0"]
[LiveChessVersion "1.4.8"]
[BlackElo "1968"]
[WhiteElo "2216"]

1. Nf3 {[%clk 1:30:34]} Nf6 {[%clk 1:30:49]} 2. c4 {[%clk 1:31:03]} c5
{[%clk 1:31:10]} 3. Nc3 {[%clk 1:31:19]} Nc6 {[%clk 1:30:38]} 4. g3
{[%clk 1:30:28]} e6 {[%clk 1:30:59]} 5. Bg2 {[%clk 1:30:33]} d5 {[%clk 1:31:22]}
6. cxd5 {[%clk 1:29:41]} exd5 {[%clk 1:31:48]} 7. d4 {[%clk 1:29:48]} Be7
{[%clk 1:32:09]} 8. O-O {[%clk 1:28:37]} O-O {[%clk 1:32:35]} 9. Bg5
{[%clk 1:28:47]} cxd4 {[%clk 1:31:29]} 10. Nxd4 {[%clk 1:29:14]} h6
{[%clk 1:31:45]} 11. Be3 {[%clk 1:28:25]} Re8 {[%clk 1:31:06]} 12. Rc1
{[%clk 1:26:15]} Bg4 {[%clk 1:30:56]} 13. h3 {[%clk 1:06:15]} Bd7
{[%clk 1:07:29]} 14. Kh2 {[%clk 0:57:05]} Nxd4 {[%clk 1:01:55]} 15. Qxd4
{[%clk 0:55:23]} Bc6 {[%clk 0:59:39]} 16. Rfd1 {[%clk 0:55:18]} Qa5
{[%clk 0:59:37]} 17. a3 {[%clk 0:52:14]} Red8 {[%clk 0:51:23]} 18. Qd2
{[%clk 0:42:06]} Qa6 {[%clk 0:43:33]} 19. Bd4 {[%clk 0:41:15]} Ne4
{[%clk 0:35:09]} 20. Qc2 {[%clk 0:32:10]} Re8 {[%clk 0:30:34]} 21. e3
{[%clk 0:30:52]} Bf8 {[%clk 0:25:34]} 22. Ra1 {[%clk 0:24:00]} Rac8
{[%clk 0:23:53]} 23. Bf1 {[%clk 0:21:07]} Bb5 {[%clk 0:23:25]} 24. Bxb5 Qxb5
{[%clk 0:23:51]} 25. Rac1 {[%clk 0:15:49]} Qa6 {[%clk 0:19:54]} 26. Kg2
{[%clk 0:14:12]} b6 {[%clk 0:19:36]} 27. Qd3 {[%clk 0:09:39]} Qb7
{[%clk 0:17:51]} 28. f3 {[%clk 0:08:49]} Nc5 {[%clk 0:16:42]} 29. Bxc5
{[%clk 0:08:15]} Bxc5 {[%clk 0:12:15]} 30. Nxd5 {[%clk 0:08:29]} Rcd8
{[%clk 0:12:23]} 31. e4 {[%clk 0:08:18]} f5 {[%clk 0:11:26]} 32. b4
{[%clk 0:07:30]} fxe4 {[%clk 0:11:09]} 33. fxe4 {[%clk 0:07:34]} Bd6
{[%clk 0:10:25]} 34. Rf1 {[%clk 0:06:39]} Rf8 {[%clk 0:10:07]} 35. h4
{[%clk 0:04:06]} Qd7 {[%clk 0:09:47]} 36. Rce1 {[%clk 0:02:53]} Be5
{[%clk 0:09:47]} 37. Rxf8+ {[%clk 0:03:08]} Kxf8 {[%clk 0:09:54]} 38. Qb3
{[%clk 0:02:23]} g6 {[%clk 0:09:48]} 39. b5 {[%clk 0:02:04]} Kg7 {[%clk 0:09:50]}
40. Rf1 {[%clk 0:32:15]} Rc8 {[%clk 0:36:59]} 41. Rf3 {[%clk 0:07:09]} Rc1
{[%clk 0:28:15]} 42. Nf4 {[%clk 0:03:42]} h5 {[%clk 0:09:22]} 43. Nd3
{[%clk 0:02:31]} Rc3 {[%clk 0:03:42]} 44. Qb4 {[%clk 0:01:16]} Rc2+
{[%clk 0:03:31]} 45. Nf2 {[%clk 0:01:16]} Bd6 {[%clk 0:03:09]} 46. Qd4+
{[%clk 0:01:26]} Kg8 {[%clk 0:03:02]} 47. e5 {[%clk 0:01:10]} Rxf2+
{[%clk 0:03:03]} 48. Rxf2 {[%clk 0:01:06]} 1-0

[Event "Agen 2017 - Open A"]
[Site "?"]
[Date "2017.08.23"]
[Round "5.1"]
[White "Vedovotto, Nicolas"]
[Black "El Mchaouri Mas, Younes"]
[Result "1-0"]
[LiveChessVersion "1.4.8"]
[BlackElo "2165"]
[WhiteElo "2120"]

1. Nc3 {[%clk 1:30:53]} d5 {[%clk 1:23:09]} 2. e4 {[%clk 1:31:09]} d4
{[%clk 1:23:28]} 3. Nce2 {[%clk 1:31:31]} e5 {[%clk 1:23:55]} 4. Ng3
{[%clk 1:31:33]} Be6 {[%clk 1:24:19]} 5. Nf3 {[%clk 1:31:41]} f6 {[%clk 1:24:43]}
6. b3 {[%clk 1:29:01]} Nc6 {[%clk 1:24:35]} 7. Bc4 {[%clk 1:29:01]} Bxc4
{[%clk 1:24:54]} 8. bxc4 {[%clk 1:29:28]} Bc5 {[%clk 1:23:54]} 9. d3
{[%clk 1:29:39]} Nge7 {[%clk 1:24:03]} 10. O-O {[%clk 1:28:16]} Qd7
{[%clk 1:23:34]} 11. Nd2 {[%clk 1:26:59]} O-O {[%clk 1:07:26]} 12. Nb3
{[%clk 1:24:51]} b6 {[%clk 1:06:26]} 13. f4 {[%clk 1:19:28]} f5 {[%clk 0:49:47]}
14. Nxc5 {[%clk 0:50:14]} bxc5 {[%clk 0:50:13]} 15. Rb1 {[%clk 0:50:21]} a6
{[%clk 0:27:39]} 16. Bd2 {[%clk 0:44:14]} Rae8 {[%clk 0:21:41]} 17. Qh5
{[%clk 0:37:25]} exf4 {[%clk 0:14:10]} 18. Rxf4 {[%clk 0:35:21]} g6
{[%clk 0:13:30]} 19. Qg5 {[%clk 0:30:00]} Rf7 {[%clk 0:05:31]} 20. Rbf1
{[%clk 0:28:52]} Ref8 {[%clk 0:05:27]} 21. a3 {[%clk 0:19:54]} Nd8
{[%clk 0:05:28]} 22. exf5 {[%clk 0:20:08]} h6 {[%clk 0:03:41]} 23. Qxh6
{[%clk 0:18:09]} Rh7 {[%clk 0:03:43]} 24. Qxf8+ {[%clk 0:14:11]} Kxf8
{[%clk 0:04:09]} 25. fxg6+ {[%clk 0:14:34]} Kg7 {[%clk 0:03:03]} 26. gxh7
{[%clk 0:14:35]} Kxh7 {[%clk 0:02:58]} 27. Ne4 {[%clk 0:13:52]} Kg7
{[%clk 0:01:45]} 28. R1f3 {[%clk 0:13:24]} Ng6 {[%clk 0:01:48]} 29. Rg3
{[%clk 0:13:24]} Ne6 {[%clk 0:01:25]} 30. Rf6 {[%clk 0:13:18]} Nef8
{[%clk 0:01:34]} 31. h4 {[%clk 0:12:22]} Qa4 {[%clk 0:00:55]} 32. h5
{[%clk 0:12:16]} Qxc2 {[%clk 0:00:56]} 33. hxg6 {[%clk 0:12:11]} Qd1+
{[%clk 0:01:12]} 34. Rf1 {[%clk 0:12:08]} Qh5 {[%clk 0:01:14]} 35. Rf7+ Kg8 36.
Nf6+ Kh8 37. Rh3 1-0

[Event "Agen 2017 - Open A"]
[Site "?"]
[Date "2017.08.23"]
[Round "5.2"]
[White "Duquesne, Adrien"]
[Black "Fruchard, Cyrille"]
[Result "0-1"]
[LiveChessVersion "1.4.8"]
[BlackElo "2168"]
[WhiteElo "2172"]

1. d4 {[%clk 1:30:00]} Nf6 {[%clk 1:30:57]} 2. c4 {[%clk 1:29:39]} g6
{[%clk 1:31:23]} 3. Nc3 {[%clk 1:29:36]} Bg7 {[%clk 1:31:47]} 4. e4
{[%clk 1:29:58]} d6 {[%clk 1:32:12]} 5. Be2 {[%clk 1:29:51]} O-O {[%clk 1:32:09]}
6. Nf3 {[%clk 1:29:59]} e5 {[%clk 1:32:15]} 7. d5 {[%clk 1:30:22]} Nbd7
{[%clk 1:30:10]} 8. Bg5 {[%clk 1:28:03]} h6 {[%clk 1:29:26]} 9. Be3
{[%clk 1:28:25]} Ng4 {[%clk 1:26:23]} 10. Bc1 {[%clk 1:28:46]} f5
{[%clk 1:26:02]} 11. exf5 {[%clk 1:28:49]} gxf5 {[%clk 1:23:41]} 12. g3
{[%clk 1:27:32]} Nc5 {[%clk 1:17:21]} 13. Nh4 {[%clk 1:27:32]} Nf6
{[%clk 1:08:54]} 14. Be3 {[%clk 1:00:48]} Nce4 {[%clk 1:01:09]} 15. Nxe4
{[%clk 1:00:41]} Nxe4 {[%clk 1:00:41]} 16. Qc2 {[%clk 0:55:50]} Qf6
{[%clk 0:46:15]} 17. O-O-O {[%clk 0:43:53]} c5 {[%clk 0:35:47]} 18. dxc6
{[%clk 0:20:21]} bxc6 {[%clk 0:34:04]} 19. f3 {[%clk 0:20:04]} Nc5
{[%clk 0:32:09]} 20. f4 {[%clk 0:12:27]} Na6 {[%clk 0:21:32]} 21. fxe5
{[%clk 0:10:22]} dxe5 {[%clk 0:21:14]} 22. a3 {[%clk 0:06:08]} c5
{[%clk 0:19:25]} 23. Bd2 {[%clk 0:03:49]} Nb8 {[%clk 0:14:59]} 24. Bc3
{[%clk 0:02:49]} Nc6 {[%clk 0:12:32]} 25. Rhf1 {[%clk 0:03:14]} Nd4
{[%clk 0:11:54]} 26. Bxd4 {[%clk 0:02:15]} cxd4 {[%clk 0:11:55]} 27. c5
{[%clk 0:01:58]} e4 {[%clk 0:10:41]} 28. Bc4+ {[%clk 0:00:52]} Kh7
{[%clk 0:10:27]} 29. Bd5 {[%clk 0:00:52]} Rb8 {[%clk 0:08:24]} 30. Nxf5
{[%clk 0:01:18]} Qg5+ {[%clk 0:06:50]} 31. Qd2 {[%clk 0:00:41]} e3
{[%clk 0:06:12]} 32. Qd3 {[%clk 0:00:33]} Bxf5 {[%clk 0:04:08]} 33. Rxf5
{[%clk 0:00:38]} Rxf5 {[%clk 0:04:30]} 34. Re1 {[%clk 0:00:31]} Kh8
{[%clk 0:04:35]} 35. Be4 {[%clk 0:00:31]} Rxc5+ {[%clk 0:04:13]} 36. Kb1
{[%clk 0:00:57]} Rc3 {[%clk 0:03:39]} 37. Qa6 {[%clk 0:00:59]} Qd8 0-1

[Event "Agen 2017 - Open A"]
[Site "?"]
[Date "2017.08.23"]
[Round "5.3"]
[White "Bournel, Antoine"]
[Black "Caloone, Thomas"]
[Result "1/2-1/2"]
[LiveChessVersion "1.4.8"]
[BlackElo "2162"]
[WhiteElo "2142"]

1. e4 {[%clk 1:30:27]} e5 {[%clk 1:23:45]} 2. Nf3 {[%clk 1:30:36]} Nc6
{[%clk 1:22:48]} 3. d4 {[%clk 1:30:45]} exd4 {[%clk 1:23:03]} 4. Nxd4
{[%clk 1:31:08]} Bc5 {[%clk 1:15:44]} 5. Be3 {[%clk 1:31:13]} Bb6
{[%clk 1:15:19]} 6. Nc3 {[%clk 1:27:56]} d6 {[%clk 1:09:59]} 7. Qd2
{[%clk 1:09:38]} Nf6 {[%clk 1:06:10]} 8. Nxc6 {[%clk 1:04:52]} bxc6
{[%clk 1:00:46]} 9. O-O-O {[%clk 1:02:15]} Bxe3 {[%clk 0:54:48]} 10. Qxe3
{[%clk 1:01:40]} Qe7 {[%clk 0:53:58]} 11. h3 {[%clk 0:51:49]} a5 {[%clk 0:46:33]}
12. g4 {[%clk 0:46:11]} Ba6 {[%clk 0:41:45]} 13. Bxa6 {[%clk 0:44:19]} Rxa6
{[%clk 0:41:52]} 14. f4 {[%clk 0:35:36]} O-O {[%clk 0:39:54]} 15. g5
{[%clk 0:29:19]} Nd7 {[%clk 0:39:00]} 16. f5 {[%clk 0:26:42]} Qe5
{[%clk 0:36:41]} 17. f6 {[%clk 0:25:42]} Nc5 {[%clk 0:35:31]} 18. fxg7
{[%clk 0:24:59]} Re8 {[%clk 0:35:54]} 19. Rde1 {[%clk 0:22:29]} Rb6
{[%clk 0:35:16]} 20. Rhf1 {[%clk 0:21:42]} Qxg7 {[%clk 0:34:35]} 21. Rf6
{[%clk 0:20:54]} Rb4 {[%clk 0:34:02]} 22. h4 {[%clk 0:19:14]} Nd7
{[%clk 0:21:30]} 23. Ref1 {[%clk 0:18:03]} Ne5 {[%clk 0:19:50]} 24. Qf4
{[%clk 0:16:50]} Re6 {[%clk 0:11:18]} 25. h5 {[%clk 0:12:32]} Rb8
{[%clk 0:10:19]} 26. Rf5 {[%clk 0:10:54]} h6 {[%clk 0:07:27]} 27. gxh6
{[%clk 0:06:10]} Qxh6 {[%clk 0:07:36]} 28. Rg5+ {[%clk 0:05:41]} Kh8
{[%clk 0:07:36]} 29. Kb1 {[%clk 0:05:33]} Rg8 {[%clk 0:06:16]} 30. Rxg8+
{[%clk 0:05:43]} Kxg8 {[%clk 0:06:40]} 31. Rg1+ {[%clk 0:05:26]} Kf8
{[%clk 0:06:05]} 32. Qg3 {[%clk 0:05:16]} Re8 {[%clk 0:04:24]} 33. Ne2
{[%clk 0:04:10]} Qxh5 {[%clk 0:03:28]} 34. Qg7+ {[%clk 0:03:58]} Ke7
{[%clk 0:03:38]} 35. Ng3 {[%clk 0:04:02]} Qh8 {[%clk 0:03:29]} 36. Nf5+
{[%clk 0:03:42]} Kd7 {[%clk 0:03:32]} 37. Qg2 {[%clk 0:03:39]} Re6
{[%clk 0:02:51]} 38. Rh1 {[%clk 0:03:28]} Rg6 {[%clk 0:02:46]} 39. Qf1
{[%clk 0:03:53]} Qg8 {[%clk 0:03:00]} 40. a3 {[%clk 0:32:43]} Rg2
{[%clk 0:32:25]} 41. Ne3 {[%clk 0:29:56]} Rg3 {[%clk 0:31:30]} 42. Qf5+
{[%clk 0:28:36]} Ke7 {[%clk 0:29:16]} 43. Qf2 {[%clk 0:27:56]} 1/2-1/2

[Event "Agen 2017 - Open A"]
[Site "?"]
[Date "2017.08.23"]
[Round "5.4"]
[White "Monpeurt, Cyrielle"]
[Black "Bruneau, Laurent"]
[Result "1-0"]
[LiveChessVersion "1.4.8"]
[BlackElo "2146"]
[WhiteElo "2135"]

1. e4 {[%clk 1:30:57]} c5 {[%clk 1:30:56]} 2. Nc3 {[%clk 1:30:47]} Nc6
{[%clk 1:31:18]} 3. Nf3 {[%clk 1:31:00]} e5 {[%clk 1:30:45]} 4. Bc4
{[%clk 1:31:18]} d6 {[%clk 1:28:54]} 5. d3 {[%clk 1:31:37]} Be7 {[%clk 1:28:42]}
6. Nd2 {[%clk 1:31:55]} Bg5 {[%clk 1:26:16]} 7. Nf1 {[%clk 1:30:02]} Bxc1
{[%clk 1:26:30]} 8. Rxc1 {[%clk 1:28:34]} Nge7 {[%clk 1:21:10]} 9. Ne3
{[%clk 1:27:42]} O-O {[%clk 1:19:43]} 10. O-O {[%clk 1:27:18]} Be6
{[%clk 1:13:29]} 11. Ncd5 {[%clk 1:24:25]} Bxd5 {[%clk 1:08:38]} 12. Nxd5
{[%clk 1:24:25]} Nxd5 {[%clk 0:58:37]} 13. Bxd5 {[%clk 1:21:50]} Ne7
{[%clk 0:57:21]} 14. Bb3 {[%clk 1:17:35]} Ng6 {[%clk 0:56:25]} 15. g3
{[%clk 1:13:21]} Qg5 {[%clk 0:42:49]} 16. Kh1 {[%clk 1:08:00]} Kh8
{[%clk 0:42:45]} 17. Qf3 {[%clk 1:03:18]} f5 {[%clk 0:35:20]} 18. exf5
{[%clk 0:53:30]} Rxf5 {[%clk 0:34:23]} 19. Qe3 {[%clk 0:49:52]} Qxe3
{[%clk 0:23:31]} 20. fxe3 {[%clk 0:50:15]} Rxf1+ {[%clk 0:17:53]} 21. Rxf1
{[%clk 0:50:40]} Rf8 {[%clk 0:18:08]} 22. Rxf8+ {[%clk 0:44:44]} Nxf8
{[%clk 0:18:31]} 23. Kg2 {[%clk 0:45:09]} Nd7 {[%clk 0:07:28]} 24. Kf3
{[%clk 0:45:13]} Nf6 {[%clk 0:07:52]} 25. g4 {[%clk 0:45:01]} g5 {[%clk 0:07:55]}
26. e4 {[%clk 0:42:30]} Kg7 {[%clk 0:08:06]} 27. c3 {[%clk 0:42:03]} Kf8
{[%clk 0:07:52]} 28. Bd1 {[%clk 0:39:15]} Ke7 {[%clk 0:08:07]} 29. Ke3
{[%clk 0:39:13]} Kd7 {[%clk 0:07:54]} 30. Ba4+ {[%clk 0:36:32]} Kc7
{[%clk 0:08:15]} 31. Bd1 {[%clk 0:36:06]} Kb6 {[%clk 0:05:41]} 32. Kf3
{[%clk 0:34:48]} Ka5 {[%clk 0:05:20]} 33. a3 {[%clk 0:34:29]} Kb6
{[%clk 0:05:08]} 34. Ke3 {[%clk 0:34:23]} a5 {[%clk 0:04:20]} 35. Kf3
{[%clk 0:33:48]} Kc6 {[%clk 0:04:11]} 36. Ke3 {[%clk 0:32:58]} h6
{[%clk 0:03:34]} 37. Kf3 {[%clk 0:33:04]} Nh7 {[%clk 0:03:28]} 38. Ke3
{[%clk 0:31:17]} Nf8 {[%clk 0:03:44]} 39. Bc2 {[%clk 0:31:12]} Ne6
{[%clk 0:03:34]} 40. Bd1 {[%clk 1:00:49]} Nc7 {[%clk 0:33:11]} 41. Bb3
{[%clk 0:54:37]} b5 {[%clk 0:30:30]} 42. a4 {[%clk 0:47:39]} Kb6 {[%clk 0:28:17]}
43. Bd1 {[%clk 0:46:09]} Ne8 {[%clk 0:25:30]} 44. b3 {[%clk 0:45:58]} c4
{[%clk 0:12:27]} 45. bxc4 {[%clk 0:43:20]} b4 {[%clk 0:12:15]} 46. cxb4
{[%clk 0:35:53]} axb4 {[%clk 0:12:38]} 47. d4 {[%clk 0:31:51]} Nc7 48. Bb3 exd4+
{[%clk 0:03:11]} 49. Kxd4 {[%clk 0:32:16]} Ne6+ {[%clk 0:02:14]} 50. Kd5
{[%clk 0:32:35]} Nc5 {[%clk 0:02:20]} 51. Bd1 {[%clk 0:32:09]} b3
{[%clk 0:01:28]} 52. Bxb3 {[%clk 0:25:40]} Kc7 {[%clk 0:00:43]} 53. Bc2
{[%clk 0:24:53]} Nd7 {[%clk 0:00:58]} 54. Bd1 {[%clk 0:23:12]} Nf6+
{[%clk 0:01:12]} 55. Kd4 {[%clk 0:23:28]} Nd7 {[%clk 0:00:39]} 56. a5
{[%clk 0:22:39]} Nb8 {[%clk 0:00:33]} 57. Ba4 {[%clk 0:22:13]} Na6
{[%clk 0:00:51]} 58. e5 {[%clk 0:19:32]} Nc5 {[%clk 0:00:33]} 59. Bc2
{[%clk 0:18:36]} Ne6+ {[%clk 0:00:45]} 60. Ke4 {[%clk 0:18:44]} dxe5
{[%clk 0:00:36]} 61. Kxe5 {[%clk 0:18:52]} Nf4 {[%clk 0:00:46]} 62. Be4
{[%clk 0:18:12]} Ne2 {[%clk 0:00:33]} 63. c5 {[%clk 0:17:58]} Nc3
{[%clk 0:00:43]} 64. a6 {[%clk 0:17:46]} Nb5 {[%clk 0:01:00]} 65. Kf5
{[%clk 0:17:26]} Kb8 {[%clk 0:01:14]} 66. Kg6 {[%clk 0:17:19]} Nc7
{[%clk 0:01:13]} 67. Kxh6 {[%clk 0:16:41]} Ne6 {[%clk 0:00:46]} 68. c6
{[%clk 0:16:36]} 1-0

[Event "Agen 2017 - Open B"]
[Site "?"]
[Date "2017.08.23"]
[Round "5.1"]
[White "Kozlowski, Thierry"]
[Black "Nguyen-Cadoret, Nathan"]
[Result "0-1"]
[LiveChessVersion "1.4.8"]
[BlackElo "1873"]
[WhiteElo "1976"]

1. Nf3 {[%clk 1:07:48]} Nf6 {[%clk 1:30:21]} 2. c4 {[%clk 1:07:08]} g6
{[%clk 1:30:39]} 3. g3 {[%clk 1:02:23]} Bg7 {[%clk 1:30:54]} 4. Bg2
{[%clk 1:02:50]} O-O {[%clk 1:31:11]} 5. d4 {[%clk 1:02:25]} d6 {[%clk 1:31:36]}
6. O-O {[%clk 1:02:50]} Nbd7 {[%clk 1:30:05]} 7. Nc3 {[%clk 1:02:17]} e5
{[%clk 1:28:34]} 8. e4 {[%clk 1:02:13]} Re8 {[%clk 1:27:56]} 9. d5
{[%clk 1:00:38]} Nc5 {[%clk 1:28:17]} 10. Ne1 {[%clk 1:00:54]} a5
{[%clk 1:28:21]} 11. Nd3 {[%clk 1:00:17]} Nfd7 {[%clk 1:27:04]} 12. Be3
{[%clk 0:57:04]} b6 {[%clk 1:24:08]} 13. Rb1 {[%clk 0:56:46]} Rf8
{[%clk 1:13:19]} 14. f3 {[%clk 0:45:25]} f5 {[%clk 1:12:13]} 15. Nc1
{[%clk 0:34:45]} f4 {[%clk 1:06:34]} 16. Bd2 {[%clk 0:32:32]} g5 {[%clk 1:05:33]}
17. g4 {[%clk 0:32:41]} h5 {[%clk 1:04:13]} 18. h3 {[%clk 0:32:40]} Kf7
{[%clk 1:01:53]} 19. b3 {[%clk 0:29:17]} Rh8 {[%clk 1:01:51]} 20. Qe2
{[%clk 0:29:21]} Qf6 {[%clk 1:01:20]} 21. Nd1 {[%clk 0:23:44]} hxg4
{[%clk 1:00:27]} 22. fxg4 {[%clk 0:24:09]} Nf8 {[%clk 0:59:06]} 23. a3
{[%clk 0:23:52]} Ng6 {[%clk 0:57:18]} 24. b4 {[%clk 0:24:02]} axb4
{[%clk 0:56:54]} 25. axb4 {[%clk 0:24:27]} Nd7 {[%clk 0:56:33]} 26. Nd3
{[%clk 0:23:59]} Nh4 {[%clk 0:48:58]} 27. Bf3 {[%clk 0:22:56]} Nf8
{[%clk 0:45:43]} 28. Ne1 {[%clk 0:12:10]} Qh6 {[%clk 0:37:50]} 29. Rb3
{[%clk 0:07:51]} Ke7 {[%clk 0:33:37]} 30. Nf2 {[%clk 0:05:30]} Nfg6
{[%clk 0:28:38]} 31. Bc1 {[%clk 0:04:15]} Bf6 {[%clk 0:27:45]} 32. Ba3
{[%clk 0:03:52]} Nxf3+ {[%clk 0:22:18]} 33. Nxf3 {[%clk 0:03:38]} Nh4
{[%clk 0:22:22]} 34. Rc1 {[%clk 0:02:54]} Ba6 {[%clk 0:20:45]} 35. Qd1
{[%clk 0:02:49]} Rhb8 {[%clk 0:18:26]} 36. c5 {[%clk 0:02:40]} bxc5
{[%clk 0:16:49]} 37. bxc5 {[%clk 0:03:02]} Be2 {[%clk 0:08:58]} 38. cxd6+
{[%clk 0:03:25]} Kf7 {[%clk 0:08:07]} 39. Rxc7+ {[%clk 0:02:07]} Kg6
{[%clk 0:08:27]} 40. Nxh4+ {[%clk 0:32:21]} Qxh4 {[%clk 0:38:52]} 41. Qc2
{[%clk 0:30:36]} Rxb3 {[%clk 0:33:34]} 42. Qxb3 {[%clk 0:18:48]} f3
{[%clk 0:32:24]} 43. Nh1 {[%clk 0:12:55]} Qe1+ {[%clk 0:31:18]} 44. Kh2
{[%clk 0:13:19]} Qf1 0-1

[Event "Agen 2017 - Open B"]
[Site "?"]
[Date "2017.08.23"]
[Round "5.2"]
[White "Abdesselem, Ahmed"]
[Black "Pinson, Alexis"]
[Result "0-1"]
[LiveChessVersion "1.4.8"]
[BlackElo "1781"]
[WhiteElo "1891"]

1. Nf3 {[%clk 1:30:57]} Nf6 {[%clk 1:30:23]} 2. g3 {[%clk 1:31:21]} g6
{[%clk 1:30:01]} 3. Bg2 {[%clk 1:31:46]} Bg7 {[%clk 1:30:08]} 4. O-O
{[%clk 1:32:10]} O-O {[%clk 1:29:56]} 5. c4 {[%clk 1:32:35]} d6 {[%clk 1:28:52]}
6. d4 {[%clk 1:31:42]} Nc6 {[%clk 1:28:00]} 7. d5 {[%clk 1:23:53]} Nb4
{[%clk 1:24:29]} 8. Nd4 {[%clk 1:22:27]} Nd7 {[%clk 1:22:42]} 9. Be3
{[%clk 1:12:55]} Ne5 {[%clk 1:20:40]} 10. a3 {[%clk 1:08:32]} Na6
{[%clk 1:20:05]} 11. Nd2 {[%clk 1:01:18]} Ng4 {[%clk 1:18:55]} 12. b4
{[%clk 1:01:30]} Nxe3 {[%clk 1:17:29]} 13. fxe3 {[%clk 1:01:54]} Nb8
{[%clk 1:15:26]} 14. Rc1 {[%clk 0:58:41]} Nd7 {[%clk 1:12:11]} 15. Ne4
{[%clk 0:50:02]} Ne5 {[%clk 1:04:07]} 16. h3 {[%clk 0:46:15]} Bh6
{[%clk 0:50:53]} 17. Qb3 {[%clk 0:46:22]} Bd7 {[%clk 0:49:40]} 18. c5
{[%clk 0:41:33]} a6 19. a4 {[%clk 0:34:33]} Bxa4 {[%clk 0:38:56]} 20. Qa3
{[%clk 0:31:04]} Bb5 {[%clk 0:38:32]} 21. Nd2 {[%clk 0:29:19]} Nd3
{[%clk 0:33:20]} 22. exd3 {[%clk 0:25:32]} Bxe3+ {[%clk 0:33:39]} 23. Kh2
{[%clk 0:25:48]} Bxd4 {[%clk 0:33:50]} 24. Nf3 Bg7 {[%clk 0:32:50]} 25. Nd2
{[%clk 0:14:10]} Bh6 {[%clk 0:31:01]} 26. Rc2 {[%clk 0:14:14]} Bxd2
{[%clk 0:31:03]} 27. Rxd2 {[%clk 0:14:40]} c6 {[%clk 0:27:05]} 28. Qb3
{[%clk 0:14:41]} Qd7 {[%clk 0:25:24]} 29. cxd6 {[%clk 0:12:11]} exd6
{[%clk 0:25:16]} 30. Rdf2 {[%clk 0:11:57]} Rae8 {[%clk 0:24:05]} 31. Be4
{[%clk 0:08:40]} Re7 {[%clk 0:22:54]} 32. Rf4 {[%clk 0:08:39]} cxd5
{[%clk 0:22:10]} 33. Bxd5 {[%clk 0:07:54]} Bc6 {[%clk 0:22:32]} 34. R1f2
{[%clk 0:06:11]} Bxd5 {[%clk 0:22:10]} 35. Qxd5 {[%clk 0:06:38]} Re5
{[%clk 0:22:18]} 36. Qd4 {[%clk 0:03:50]} Qe7 {[%clk 0:21:37]} 37. Rf6
{[%clk 0:01:42]} Re2 {[%clk 0:21:15]} 38. Rxe2 {[%clk 0:01:46]} Qxe2+
{[%clk 0:21:39]} 39. Rf2 {[%clk 0:02:13]} Qe5 {[%clk 0:21:15]} 40. Qb6
{[%clk 0:30:43]} Qe7 {[%clk 0:50:54]} 41. Rc2 {[%clk 0:26:41]} Re8
{[%clk 0:49:47]} 42. h4 {[%clk 0:25:19]} Qe1 {[%clk 0:49:13]} 43. Qxd6
{[%clk 0:24:46]} Qd1 {[%clk 0:44:24]} 44. Rf2 {[%clk 0:23:00]} Qe1
{[%clk 0:43:10]} 45. Rc2 {[%clk 0:21:18]} Qe7 {[%clk 0:42:32]} 46. Qf4
{[%clk 0:14:59]} Qd7 {[%clk 0:38:04]} 47. Rc7 {[%clk 0:05:19]} Qd5
{[%clk 0:38:10]} 48. Kh3 {[%clk 0:04:06]} h5 {[%clk 0:37:54]} 49. Qf1
{[%clk 0:02:30]} Re3 {[%clk 0:34:25]} 50. Qa1 {[%clk 0:00:38]} Qf5+
{[%clk 0:34:16]} 0-1

[Event "Agen 2017 - Open B"]
[Site "?"]
[Date "2017.08.23"]
[Round "5.3"]
[White "Buisson, Lionel"]
[Black "Arnaud, Aurelien"]
[Result "1-0"]
[LiveChessVersion "1.4.8"]
[BlackElo "1849"]
[WhiteElo "1976"]

1. e4 {[%clk 1:30:55]} e5 {[%clk 1:29:48]} 2. Nf3 {[%clk 1:31:09]} Nc6
{[%clk 1:29:36]} 3. Bb5 {[%clk 1:31:28]} a6 {[%clk 1:29:43]} 4. Ba4
{[%clk 1:31:40]} Nf6 {[%clk 1:29:50]} 5. O-O {[%clk 1:32:02]} Be7
{[%clk 1:29:49]} 6. Re1 {[%clk 1:32:25]} b5 {[%clk 1:29:28]} 7. Bb3
{[%clk 1:32:53]} d6 {[%clk 1:29:17]} 8. c3 {[%clk 1:32:30]} O-O {[%clk 1:28:46]}
9. h3 {[%clk 1:32:37]} Nb8 {[%clk 1:25:51]} 10. d4 {[%clk 1:29:06]} Nbd7
{[%clk 1:24:47]} 11. Nbd2 {[%clk 1:26:56]} Bb7 {[%clk 1:23:39]} 12. Bc2
{[%clk 1:24:51]} Re8 {[%clk 1:22:17]} 13. Nf1 {[%clk 1:23:57]} Bf8
{[%clk 1:22:24]} 14. Ng3 {[%clk 1:23:52]} g6 {[%clk 1:22:09]} 15. Nh2
{[%clk 1:17:47]} Bg7 {[%clk 1:09:48]} 16. f4 {[%clk 1:10:55]} c5 {[%clk 1:05:24]}
17. fxe5 {[%clk 1:01:52]} dxe5 {[%clk 1:04:34]} 18. d5 {[%clk 1:01:55]} Nb6
{[%clk 0:53:34]} 19. Qf3 {[%clk 0:54:32]} Qd6 {[%clk 0:44:55]} 20. Rf1
{[%clk 0:41:48]} Rf8 {[%clk 0:43:12]} 21. Bg5 {[%clk 0:35:58]} Nbd7
{[%clk 0:42:15]} 22. Rad1 {[%clk 0:30:35]} h6 {[%clk 0:39:48]} 23. Be3
{[%clk 0:24:34]} b4 {[%clk 0:34:24]} 24. c4 {[%clk 0:16:39]} a5 {[%clk 0:34:38]}
25. b3 {[%clk 0:15:33]} Ba6 {[%clk 0:32:00]} 26. Qf2 {[%clk 0:13:33]} a4
{[%clk 0:31:16]} 27. Ng4 {[%clk 0:10:31]} Nxg4 {[%clk 0:30:00]} 28. hxg4
{[%clk 0:11:00]} axb3 {[%clk 0:28:08]} 29. axb3 {[%clk 0:11:28]} Bb7
{[%clk 0:26:21]} 30. Ra1 {[%clk 0:10:14]} Rxa1 {[%clk 0:26:35]} 31. Rxa1
{[%clk 0:10:43]} Ra8 {[%clk 0:26:24]} 32. Rxa8+ {[%clk 0:08:47]} Bxa8
{[%clk 0:26:47]} 33. Ne2 {[%clk 0:07:15]} Bf8 {[%clk 0:25:21]} 34. Nc1
{[%clk 0:05:44]} Nf6 {[%clk 0:23:31]} 35. Qf3 {[%clk 0:03:01]} Nh7
{[%clk 0:22:07]} 36. Nd3 {[%clk 0:02:25]} Ng5 {[%clk 0:22:25]} 37. Qg3
{[%clk 0:02:06]} Nxe4 {[%clk 0:19:32]} 38. Qxe5 {[%clk 0:02:34]} Nf6
{[%clk 0:18:37]} 39. Qxd6 {[%clk 0:02:36]} Bxd6 {[%clk 0:19:05]} 40. Bxc5
{[%clk 0:32:36]} Bxc5+ {[%clk 0:48:00]} 41. Nxc5 {[%clk 0:32:44]} Nxg4
{[%clk 0:45:55]} 42. Na6 {[%clk 0:31:08]} Kf8 {[%clk 0:44:41]} 43. Nxb4
{[%clk 0:29:13]} Ke7 {[%clk 0:44:41]} 44. Be4 {[%clk 0:27:05]} Kd6 45. Na6
{[%clk 0:24:33]} Bb7 {[%clk 0:44:09]} 46. c5+ {[%clk 0:24:38]} Ke5
{[%clk 0:44:26]} 47. d6 {[%clk 0:24:47]} Bc8 {[%clk 0:44:11]} 48. Bb7
{[%clk 0:24:15]} Be6 {[%clk 0:44:05]} 49. Nb8 {[%clk 0:21:56]} Nf6
{[%clk 0:43:37]} 50. b4 {[%clk 0:17:22]} h5 {[%clk 0:42:23]} 51. Bc6
{[%clk 0:16:47]} Kd5 1-0